Очерки железнодорожной политики. Вып.1: Великобритания. Соединенные штаты. Франция (Запись № 13480277)

Подробности
000 -МАРКЕР
контрольное поле 01210nam2a22002171 4500
001 - ИДЕНТИФИКАТОР ЗАПИСИ
контрольное поле RU\NLR\A1SV\44809
005 - ИДЕНТИФИКАТОР ВЕРСИИ
контрольное поле 20251203152403.2
035 ## - ДРУГИЕ СИСТЕМНЫЕ НОМЕРА
Идентификатор записи (NLR Aleph) 009726960
100 ## - ДАННЫЕ ОБЩЕЙ ОБРАБОТКИ
Данные общей обработки 20021211d1924 u y0rusy50 ca
101 0# - ЯЗЫК РЕСУРСА
Язык текста, звукозаписи и т.д. русский
200 1# - ЗАГЛАВИЕ И СВЕДЕНИЯ ОБ ОТВЕТСТВЕННОСТИ
Основное заглавие Великобритания. Соединенные штаты. Франция
215 ## - ФИЗИЧЕСКАЯ ХАРАКТЕРИСТИКА
Специфическое обозначение материала и объем 250 с.
Другие сведения о физической характеристике табл.
320 ## - ПРИМЕЧАНИЯ О НАЛИЧИИ В ДОКУМЕНТЕ БИБЛИОГРАФИИ / УКАЗАТЕЛЯ
Текст примечания Библиогр.: с.77-78, 176-177, 245
461 #1 - УРОВЕНЬ НАБОРА
Встроенное поле 001RU\NLR\A1SV\44808
-- 2000#$aОчерки железнодорожной политики$fА.Ф.Зайцев, преп. I Ленингр. политехн. ин-та им. М.И.Калинина$vВып.1
-- 700#1$aЗайцев$bА. Ф.$cд-р экон. наук$f1888-1942$gАлександр Флорович$3RU\NLR\AUTH\770250202
Системный номер (АБИС) связанной записи 9894731
Автор Зайцев, А. Ф. (д-р экон. наук ; 1888-1942)
Место публикации М.
Дата публикации 1924
Первые сведения об ответственности А.Ф.Зайцев, преп. I Ленингр. политехн. ин-та им. М.И.Калинина
Имя издателя, распространителя и т.д. НКПС. Транспечать
Заглавие Очерки железнодорожной политики
Номер тома Вып.1
801 #0 - ИСТОЧНИК ЗАПИСИ
Страна российская федерация
Организация NLR
Дата составления 20021211
852 ## - МЕСТОНАХОЖДЕНИЕ И ШИФР ХРАНЕНИЯ
Идентификатор организации NLR
Шифр хранения (Call Number) 10/373
942 ## - ДОПОЛНИТЕЛЬНЫЕ ЭЛЕМЕНТЫ ЗАПИСИ (АБИС)
Тип экземпляра АБИС Книга
980 ## - КОЛЛЕКЦИЯ
Название коллекции Международный сводный каталог русской книги (1918-1926)
980 ## - КОЛЛЕКЦИЯ
Название коллекции Национальная библиография

Нет доступных экземпляров.